000 01174nam a2200289Ia 4500
003 OSt
005 20221005111529.0
006 a|||||r|||| 00| 0
007 ta
008 221004b |||||||| |||| 00| 0 hin d
020 _a817201676X (hbk)
_c325
024 _a93063
037 _b493, 19/03/2009, Vani Prakashan
_cTextual
040 _aCRL
_cCRL
_bhin
041 _2hin
_ahin
082 _aO158,3N27x, 152N6
100 _aदास, जोगेश
245 0 _aपृथ्वी की पीड़ा
246 _aPṛuthvī kī pīड़ā
260 _aनई दिल्ली
_bसाहित्य अकादेमी भारत
_c1996
300 _a223पृ0
_ccm.
490 _aसाहित्य अकादेमी द्वारा पुरस्कृत असमिया कहानियॉं
650 _aअसमी कहानी
700 _a सत्यदेव प्रसाद, अनु.
942 _hO158,3N27x, 152N6
_cTEXL
_2cc
999 _c1022106
_d1022106